Normal view
MARC view
Entry Personal Name
001 - CONTROL NUMBER
- control field: 21141
003 - CONTROL NUMBER IDENTIFIER
- control field: dpl
005 - DATE AND TIME OF LATEST TRANSACTION
- control field: 20100922141435.0
008 - FIXED-LENGTH DATA ELEMENTS
- fixed length control field: 100922|||a|||||| | ||| d
040 ## - CATALOGING SOURCE
- Original cataloging agency: dpl
- Transcribing agency: dpl
100 ## - HEADING--PERSONAL NAME
- Personal name: Jaidev
670 ## - SOURCE DATA FOUND
- Source citation: Work cat.: (dpl): Ganguli, Chhaya 1184, Nath mohe abki ber ubaro - Surdas /, 1983
670 ## - SOURCE DATA FOUND
- Source citation: Work cat.: (dpl): Ganguli, Chhaya 1184, Nath mohe abki ber ubaro - Surdas /, 1983
